| 000 | 00813cam a2200229 a 4500 | ||
|---|---|---|---|
| 001 | 15182183 | ||
| 005 | 20250526143916.0 | ||
| 008 | 080215s2009 caua b 001 0 eng | ||
| 020 | _a9781412954549 (cloth) | ||
| 020 | _a9781412954556 (pbk.) | ||
| 050 | 0 | 0 |
_aHD45 _b.O88 2009 |
| 082 | 0 | 0 |
_a658.4/063 _222 |
| 100 | 1 |
_aO'Sullivan, David _c(Lecturer in applied innovation management and systems engineering) |
|
| 245 | 1 | 0 |
_aApplying innovation / _cDavid O'Sullivan, Lawrence Dooley. |
| 260 |
_aThousand Oaks : _bSage, _cc2009. |
||
| 300 |
_axxvii, 391 p. : _bill. ; _c27 cm. |
||
| 650 | 0 |
_aTechnological innovations _xManagement. |
|
| 650 | 0 | _aOrganizational change. | |
| 700 | 1 | _aDooley, Lawrence. | |
| 856 | 4 | 1 |
_3Table of contents only _uhttp://www.loc.gov/catdir/toc/fy0805/2008006237.html |
| 942 |
_2lcc _cBK _n0 |
||
| 999 |
_c5957 _d5957 |
||